000 00544nam a22001817a 4500
005 20251108173710.0
008 250721s2007 xx 000 0 ara d
082 1 4 _a332.53/مصر
100 1 _aالمصري، رفيق يونس
245 1 0 _aفشل الأسواق المالية: البورصات /
264 1 _aدمشق :
_bدار المكتبي،
_c2007.
300 _a144ص.
650 1 7 _aالبورصه
650 1 7 _aالاوراق الماليه
650 1 7 _aالاسواق الماليه
942 _2ddc
_cBK
999 _c110266
_d110266